Statistics for Latin airlines with a "citizenship" on their name

Click here to take the quiz!

General Stats

  • This quiz has been taken 14 times
    (10 since last reset)
  • The average score is 8 of 9

Answer Stats

HintAnswer% Correct
BoliviaBoliviana
100%
CubaCubana
100%
Dominican RepublicDominicana
100%
MexicoMexicana
100%
PeruPeruvian
88%
Puerto RicoPuertorriquena
88%
VenezuelaVenezolana
88%
Equatorial GuineaEcuatoguineana
75%
EcuadorEcuatoriana
75%

Score Distribution

Percentile by Number Answered

Percent of People with Each Score

Your Score History

You have not taken this quiz since the last reset